[Event "Bundesliga 9697"]
[Site "Deutschland"]
[Date "1997.??.??"]
[Round "?.8"]
[White "Karius, Thomas"]
[Black "Hermesmann, Hans"]
[Result "1/2-1/2"]
[WhiteElo "2113"]
[BlackElo "2270"]
[PlyCount "72"]
[EventDate "1996.10.??"]
[EventType "team"]
[EventRounds "15"]
[EventCountry "GER"]
[SourceTitle "Bundesliga 9697"]
[Source "DeepChess"]
[SourceDate "2005.01.01"]
[SourceVersion "1"]
[SourceVersionDate "2005.01.01"]
[SourceQuality "1"]
[WhiteTeam "Dresdner SC 1898"]
[BlackTeam "SV Castrop Rauxel 1923"]
[WhiteTeamCountry "GER"]
[BlackTeamCountry "GER"]

1. e4 c5 2. Nf3 d6 3. d4 cxd4 4. Nxd4 Nf6 5. Nc3 Nc6 6. Bc4 e6 7. Be3 a6 8. Qe2
Bd7 9. O-O-O Rc8 10. Bb3 Na5 11. f3 b5 12. a3 Be7 13. Kb1 g6 14. g4 e5 15. Nf5
gxf5 16. exf5 Nxb3 17. cxb3 Qc7 18. Qd3 h6 19. h4 Qb7 20. g5 Rxc3 21. bxc3 Qc8
22. Kb2 Bxf5 23. Qe2 Nh5 24. Rhg1 Qe6 25. Qd2 hxg5 26. hxg5 a5 27. Qd5 Qxd5 28.
Rxd5 Bd7 29. g6 fxg6 30. Rxg6 Bc6 31. Rdxd6 Bxd6 32. Rxd6 Bxf3 33. Re6+ Kd7 34.
Rxe5 Re8 35. Rxe8 Kxe8 36. a4 bxa4 1/2-1/2

[Event "Bundesliga 9697"]
[Site "Deutschland"]
[Date "1997.??.??"]
[Round "?.2"]
[White "Bologan, Viktor"]
[Black "Lobron, Eric"]
[Result "1-0"]
[WhiteElo "2575"]
[BlackElo "2570"]
[PlyCount "95"]
[EventDate "1996.10.??"]
[EventType "team"]
[EventRounds "15"]
[EventCountry "GER"]
[SourceTitle "Bundesliga 9697"]
[Source "DeepChess"]
[SourceDate "2005.01.01"]
[SourceVersion "1"]
[SourceVersionDate "2005.01.01"]
[SourceQuality "1"]
[WhiteTeam "Dresdner SC 1898"]
[BlackTeam "SV Empor Berlin e.V."]
[WhiteTeamCountry "GER"]
[BlackTeamCountry "GER"]

1. e4 c5 2. Nf3 d6 3. d4 cxd4 4. Nxd4 Nf6 5. Nc3 Nc6 6. Bg5 e6 7. Qd2 a6 8.
O-O-O h6 9. Be3 Be7 10. f3 Nxd4 11. Bxd4 b5 12. Kb1 Rb8 13. Ba7 Rb7 14. Be3 Qa5
15. Nd5 Qxd2 16. Nxf6+ gxf6 17. Bxd2 e5 18. a4 Be6 19. axb5 axb5 20. Bb4 Kd7
21. Bd3 Ra8 22. b3 Kc6 23. Kb2 Rba7 24. Ra1 Bd8 25. Rxa7 Rxa7 26. g4 Bb6 27.
Bd2 Ra8 28. h4 Rh8 29. h5 d5 30. Ra1 Kc7 31. Bb4 Bd4+ 32. c3 Be3 33. Be7 Bg5
34. Bc5 Rb8 35. b4 dxe4 36. Bxe4 Rd8 37. Ra7+ Kc8 38. Ra8+ Kd7 39. Bc6+ Kxc6
40. Rxd8 f5 41. gxf5 Bxf5 42. Rh8 e4 43. fxe4 Bg4 44. Bf8 Kb7 45. Bxh6 Bf6 46.
Bg7 Bxg7 47. Rg8 Bxc3+ 48. Kxc3 1-0

[Event "Bundesliga 9697"]
[Site "Deutschland"]
[Date "1997.??.??"]
[Round "?.3"]
[White "Illescas Cordoba, Miguel"]
[Black "Teske, Henrik"]
[Result "1/2-1/2"]
[WhiteElo "2635"]
[BlackElo "2500"]
[PlyCount "41"]
[EventDate "1996.10.??"]
[EventType "team"]
[EventRounds "15"]
[EventCountry "GER"]
[SourceTitle "Bundesliga 9697"]
[Source "DeepChess"]
[SourceDate "2005.01.01"]
[SourceVersion "1"]
[SourceVersionDate "2005.01.01"]
[SourceQuality "1"]
[WhiteTeam "SV Empor Berlin e.V."]
[BlackTeam "Dresdner SC 1898"]
[WhiteTeamCountry "GER"]
[BlackTeamCountry "GER"]

1. d4 d5 2. c4 c6 3. Nc3 Nf6 4. cxd5 cxd5 5. Bf4 Nc6 6. e3 Bf5 7. Bb5 e6 8. Qa4
Qb6 9. Nf3 Nd7 10. O-O Be7 11. Qb3 a6 12. Bxc6 bxc6 13. Ne5 Qxb3 14. axb3 Nxe5
15. Bxe5 f6 16. Bg3 Ra7 17. Rfc1 Kd7 18. Na4 Rb7 19. Nc5+ Bxc5 20. Rxc5 Bd3 21.
Rc3 1/2-1/2

[Event "Bundesliga 9697"]
[Site "Deutschland"]
[Date "1997.??.??"]
[Round "?.4"]
[White "Uhlmann, Wolfgang"]
[Black "Hickl, Joerg"]
[Result "1-0"]
[WhiteElo "2480"]
[BlackElo "2575"]
[PlyCount "103"]
[EventDate "1996.10.??"]
[EventType "team"]
[EventRounds "15"]
[EventCountry "GER"]
[SourceTitle "Bundesliga 9697"]
[Source "DeepChess"]
[SourceDate "2005.01.01"]
[SourceVersion "1"]
[SourceVersionDate "2005.01.01"]
[SourceQuality "1"]
[WhiteTeam "Dresdner SC 1898"]
[BlackTeam "SV Empor Berlin e.V."]
[WhiteTeamCountry "GER"]
[BlackTeamCountry "GER"]

1. c4 e5 2. Nc3 d6 3. Nf3 f5 4. d4 e4 5. Ng5 c6 6. Nh3 Nf6 7. e3 g6 8. Be2 Bg7
9. f3 O-O 10. O-O Na6 11. fxe4 fxe4 12. Nf4 Nc7 13. Bd2 Qe8 14. b4 Bd7 15. Be1
h6 16. Rc1 Kh7 17. Bg3 Rc8 18. d5 Bf5 19. dxc6 Qxc6 20. Qd2 Rfd8 21. a3 a6 22.
h3 Qb6 23. Bh2 Qa7 24. Kh1 b5 25. Ncd5 Ncxd5 26. cxd5 Qb6 27. Ne6 Bxe6 28. dxe6
d5 29. e7 Rxc1 30. Rxc1 Re8 31. Rc7 Qe6 32. Qc1 Rxe7 33. Rc6 Qf5 34. Rxa6 d4
35. exd4 e3 36. Be5 Ne4 37. Qxe3 Bxe5 38. dxe5 Qxe5 39. Kg1 Qa1+ 40. Bf1 Rf7
41. Qxe4 Qxf1+ 42. Kh2 Rg7 43. Re6 h5 44. Re5 Kh6 45. Re8 Kh7 46. Qe5 Qd3 47.
Rb8 Qxa3 48. Qe8 Kh6 49. Qh8+ Rh7 50. Qf8+ Rg7 51. Rb7 Qc3 52. Qh8+ 1-0

[Event "Bundesliga 9697"]
[Site "Deutschland"]
[Date "1997.??.??"]
[Round "?.5"]
[White "Boensch, Uwe"]
[Black "Maiwald, Jens Uwe"]
[Result "1/2-1/2"]
[WhiteElo "2520"]
[BlackElo "2495"]
[PlyCount "60"]
[EventDate "1996.10.??"]
[EventType "team"]
[EventRounds "15"]
[EventCountry "GER"]
[SourceTitle "Bundesliga 9697"]
[Source "DeepChess"]
[SourceDate "2005.01.01"]
[SourceVersion "1"]
[SourceVersionDate "2005.01.01"]
[SourceQuality "1"]
[WhiteTeam "SV Empor Berlin e.V."]
[BlackTeam "Dresdner SC 1898"]
[WhiteTeamCountry "GER"]
[BlackTeamCountry "GER"]

1. d4 Nf6 2. c4 c5 3. d5 e6 4. Nc3 exd5 5. cxd5 d6 6. e4 g6 7. Nf3 a6 8. Be2 b5
9. Bg5 h6 10. Bxf6 Qxf6 11. e5 dxe5 12. a4 b4 13. Ne4 Qd8 14. d6 Be6 15. Nxc5
Qxd6 16. Qxd6 Bxd6 17. Nxe6 fxe6 18. Bd3 g5 19. Rc1 Ke7 20. h4 Nd7 21. hxg5
hxg5 22. Ke2 Nc5 23. Nxg5 Nb3 24. Rcd1 Nd4+ 25. Ke3 a5 26. Ne4 Bc7 27. Nd2 Nf5+
28. Bxf5 exf5 29. Nc4 Ke6 30. b3 Rag8 1/2-1/2

[Event "Bundesliga 9697"]
[Site "Deutschland"]
[Date "1997.??.??"]
[Round "?.6"]
[White "Borriss, Martin"]
[Black "Tischbierek, Raj"]
[Result "1/2-1/2"]
[WhiteElo "2440"]
[BlackElo "2490"]
[PlyCount "112"]
[EventDate "1996.10.??"]
[EventType "team"]
[EventRounds "15"]
[EventCountry "GER"]
[SourceTitle "Bundesliga 9697"]
[Source "DeepChess"]
[SourceDate "2005.01.01"]
[SourceVersion "1"]
[SourceVersionDate "2005.01.01"]
[SourceQuality "1"]
[WhiteTeam "Dresdner SC 1898"]
[BlackTeam "SV Empor Berlin e.V."]
[WhiteTeamCountry "GER"]
[BlackTeamCountry "GER"]

1. e4 c6 2. d4 d5 3. Nc3 dxe4 4. Nxe4 Bf5 5. Ng3 Bg6 6. Nf3 Nd7 7. Nh4 e6 8.
Nxg6 hxg6 9. Bd3 Ngf6 10. Qe2 c5 11. dxc5 Bxc5 12. Bd2 Qb6 13. Rb1 Bd6 14. Ne4
Nxe4 15. Bxe4 Rc8 16. g3 Nf6 17. O-O Nxe4 18. Qxe4 Qc6 19. Qxc6+ Rxc6 20. c3
Ke7 21. Bg5+ f6 22. Be3 g5 23. Kg2 g4 24. Rbd1 e5 25. Rh1 f5 26. Bg5+ Ke6 27.
h3 gxh3+ 28. Rxh3 Rxh3 29. Kxh3 a5 30. Kg2 a4 31. Bd2 e4 32. Kf1 Be5 33. Rc1
Kf6 34. Ke2 g5 35. b3 f4 36. gxf4 gxf4 37. bxa4 Rb6 38. Rc2 Kf5 39. Bc1 Ra6 40.
Rb2 Rxa4 41. f3 Rc4 42. fxe4+ Kxe4 43. Rxb7 f3+ 44. Kf1 Bxc3 45. Re7+ Kf5 46.
Be3 Rb4 47. Re8 Rb2 48. Rf8+ Ke4 49. Re8+ Be5 50. Bh6 Rb7 51. a4 Rh7 52. Be3
Rh1+ 53. Bg1 Rh7 54. a5 Rb7 55. Bb6 Kd5 56. Kf2 Bd4+ 1/2-1/2

[Event "Bundesliga 9697"]
[Site "Deutschland"]
[Date "1997.??.??"]
[Round "?.7"]
[White "Volke, Karsten"]
[Black "Goldberg, Alexander"]
[Result "1-0"]
[WhiteElo "2465"]
[BlackElo "2390"]
[PlyCount "65"]
[EventDate "1996.10.??"]
[EventType "team"]
[EventRounds "15"]
[EventCountry "GER"]
[SourceTitle "Bundesliga 9697"]
[Source "DeepChess"]
[SourceDate "2005.01.01"]
[SourceVersion "1"]
[SourceVersionDate "2005.01.01"]
[SourceQuality "1"]
[WhiteTeam "SV Empor Berlin e.V."]
[BlackTeam "Dresdner SC 1898"]
[WhiteTeamCountry "GER"]
[BlackTeamCountry "GER"]

1. d4 Nf6 2. c4 e6 3. Nf3 b6 4. e3 Bb7 5. Bd3 c5 6. O-O cxd4 7. exd4 Be7 8. Nc3
d5 9. cxd5 Nxd5 10. Ne5 O-O 11. Qf3 Nd7 12. Qh3 f5 13. Bc4 Nxe5 14. dxe5 Qc7
15. Bxd5 exd5 16. Qg3 d4 17. Nb5 Qd7 18. Nd6 Bxd6 19. exd6 Rf6 20. Bf4 g5 21.
Be5 f4 22. Qb3+ Rf7 23. Rac1 Rc8 24. f3 g4 25. Rxc8+ Qxc8 26. Bxd4 gxf3 27.
gxf3 Qf5 28. Qa4 b5 29. Qb3 Qg6+ 30. Kh1 Qxd6 31. Bc3 Qd5 32. Qb4 Rf5 33. Qe7
1-0

[Event "Bundesliga 9697"]
[Site "Deutschland"]
[Date "1997.??.??"]
[Round "?.8"]
[White "Heinatz, Thomas"]
[Black "Poldauf, Dirk"]
[Result "1/2-1/2"]
[WhiteElo "2380"]
[BlackElo "2470"]
[PlyCount "153"]
[EventDate "1996.10.??"]
[EventType "team"]
[EventRounds "15"]
[EventCountry "GER"]
[SourceTitle "Bundesliga 9697"]
[Source "DeepChess"]
[SourceDate "2005.01.01"]
[SourceVersion "1"]
[SourceVersionDate "2005.01.01"]
[SourceQuality "1"]
[WhiteTeam "Dresdner SC 1898"]
[BlackTeam "SV Empor Berlin e.V."]
[WhiteTeamCountry "GER"]
[BlackTeamCountry "GER"]

1. e4 e6 2. d4 d5 3. Nc3 Bb4 4. e5 c5 5. a3 Bxc3+ 6. bxc3 Ne7 7. a4 Qa5 8. Bd2
Nbc6 9. Nf3 Bd7 10. Bb5 Qc7 11. O-O O-O 12. Re1 b6 13. Bd3 h6 14. Qc1 c4 15.
Bf1 f6 16. exf6 Rxf6 17. Ne5 Nxe5 18. dxe5 Rff8 19. g3 Nc6 20. Bg2 Be8 21. f4
Bg6 22. Be3 Rad8 23. Qb2 Bf5 24. Rad1 Qf7 25. Rd2 Qh5 26. Qb5 Qe8 27. Rf2 Rc8
28. Bc1 Qh5 29. Ba3 Rf7 30. Bd6 Bh3 31. Ref1 Bxg2 32. Rxg2 Qh3 33. Qb1 Ne7 34.
Qe1 Nf5 35. Bb4 h5 36. Qe2 Nh6 37. Rf3 Qf5 38. Rf1 Kh7 39. a5 bxa5 40. Bxa5 Rb8
41. Bb4 Qg4 42. Rf3 Rb5 43. h3 Qf5 44. Kh2 a5 45. Ba3 Kg8 46. Rf1 Rfb7 47. g4
hxg4 48. hxg4 Qh7 49. Kg1 Qe4 50. f5 exf5 51. gxf5 Qxe2 52. Rxe2 Rb1 53. e6
Rxf1+ 54. Kxf1 Rb8 55. Rf2 Ng4 56. Rd2 Nf6 57. Rd1 a4 58. Kg2 Rb5 59. Kf3 d4
60. Kf4 Nd5+ 61. Kg5 Ne3 62. Rxd4 Rxf5+ 63. Kh4 Re5 64. Rd8+ Kh7 65. Re8 Nxc2
66. Bd6 Re4+ 67. Kg5 a3 68. Kf5 a2 69. Ra8 Re2 70. e7 Rxe7 71. Bxe7 a1=Q 72.
Rxa1 Nxa1 73. Ke4 Nb3 74. Kd5 Nd2 75. Bg5 Nb1 76. Kxc4 Nxc3 77. Kxc3 1/2-1/2

[Event "Bundesliga 9697"]
[Site "Deutschland"]
[Date "1996.??.??"]
[Round "?.1"]
[White "Casper, Thomas"]
[Black "Bologan, Viktor"]
[Result "0-1"]
[WhiteElo "2405"]
[BlackElo "2600"]
[PlyCount "120"]
[EventDate "1996.10.??"]
[EventType "team"]
[EventRounds "15"]
[EventCountry "GER"]
[SourceTitle "Bundesliga 9697"]
[Source "DeepChess"]
[SourceDate "2005.01.01"]
[SourceVersion "1"]
[SourceVersionDate "2005.01.01"]
[SourceQuality "1"]
[WhiteTeam "SV Erfurt West 90"]
[BlackTeam "Dresdner SC 1898"]
[WhiteTeamCountry "GER"]
[BlackTeamCountry "GER"]

1. e4 c5 2. Nf3 Nc6 3. d3 g6 4. c3 Bg7 5. Be2 Nf6 6. O-O O-O 7. h3 e5 8. Nbd2
d5 9. Re1 h6 10. a3 a5 11. a4 Be6 12. exd5 Nxd5 13. Nc4 Qc7 14. Bf1 Rfe8 15.
Qb3 Rad8 16. Qb5 b6 17. Qb3 f5 18. Bd2 Bf7 19. Rad1 Re7 20. Bc1 Rde8 21. Nh2
Na7 22. g3 Nc8 23. Bg2 Nd6 24. Bxd5 Bxd5 25. Qxb6 Nxc4 26. Qxc7 Rxc7 27. dxc4
Bxc4 28. Rd6 Kf7 29. Nf1 Re6 30. Rd8 Ree7 31. Ra8 Ra7 32. Rc8 Rec7 33. Rb8 Be6
34. Rd1 g5 35. Re1 Bd7 36. Ne3 Be6 37. Kh2 Rcb7 38. Rd8 Bf6 39. Rd2 Rd7 40.
Red1 Rxd2 41. Rxd2 c4 42. f3 Be7 43. Nf1 f4 44. Kg2 Kf6 45. Nh2 h5 46. h4 gxh4
47. gxf4 h3+ 48. Kh1 exf4 49. Rd4 Kg6 50. Bxf4 Rb7 51. Bc1 Bg5 52. Bxg5 Kxg5
53. Nf1 Rxb2 54. Nd2 Ra2 55. Ne4+ Kf5 56. Nc5 Bf7 57. Rd7 Be8 58. Rd5+ Kf4 59.
Ne6+ Kxf3 60. Rxa5 Bc6 0-1

[Event "Bundesliga 9697"]
[Site "Deutschland"]
[Date "1996.??.??"]
[Round "?.2"]
[White "Teske, Henrik"]
[Black "Renner, Christoph"]
[Result "0-1"]
[WhiteElo "2520"]
[BlackElo "2445"]
[PlyCount "132"]
[EventDate "1996.10.??"]
[EventType "team"]
[EventRounds "15"]
[EventCountry "GER"]
[SourceTitle "Bundesliga 9697"]
[Source "DeepChess"]
[SourceDate "2005.01.01"]
[SourceVersion "1"]
[SourceVersionDate "2005.01.01"]
[SourceQuality "1"]
[WhiteTeam "Dresdner SC 1898"]
[BlackTeam "SV Erfurt West 90"]
[WhiteTeamCountry "GER"]
[BlackTeamCountry "GER"]

1. Nf3 f5 2. b3 d6 3. d4 g6 4. g3 Bg7 5. Bb2 Nc6 6. Bg2 Nh6 7. Nc3 O-O 8. Qd2
e5 9. dxe5 dxe5 10. O-O-O e4 11. Qf4 Qe7 12. Ng5 Be5 13. Qd2 Rd8 14. Nd5 Bxb2+
15. Kxb2 Qe5+ 16. Kb1 Ng4 17. Rhf1 h6 18. Nh3 Be6 19. Nhf4 Bf7 20. f3 e3 21.
Qc3 Nf2 22. Qxe5 Nxe5 23. Nxc7 Nxd1 24. Nxa8 Nc3+ 25. Kb2 Rc8 26. Nd3 Nxd3+ 27.
exd3 Nd5 28. Re1 Rxa8 29. c4 Nb4 30. Rxe3 Rd8 31. Bf1 Nc6 32. Kc3 a5 33. f4 Kf8
34. Bg2 Re8 35. Rxe8+ Bxe8 36. d4 Ke7 37. c5 b6 38. a3 bxc5 39. dxc5 Na7 40. b4
Nb5+ 41. Kb3 axb4 42. axb4 Nc7 43. Kc4 Bb5+ 44. Kd4 Na6 45. Kc3 Ke6 46. Bf3 Kf6
47. Bd5 Nc7 48. Bc4 Bc6 49. h4 g5 50. hxg5+ hxg5 51. fxg5+ Kxg5 52. Kd4 Kf6 53.
Bd3 Bd7 54. Be2 Ba4 55. Bd3 Be8 56. Be2 Ne6+ 57. Kd5 f4 58. g4 Nc7+ 59. Ke4 Kg5
60. Ke5 Nb5 61. Bf3 Bd7 62. c6 Bxg4 63. Bh1 f3 64. Ke4 f2 65. Bg2 Be2 66. Ke5
Kg4 0-1

[Event "Bundesliga 9697"]
[Site "Deutschland"]
[Date "1996.??.??"]
[Round "?.3"]
[White "Kuczynski, Robert"]
[Black "Lanka, Zigurds"]
[Result "1/2-1/2"]
[WhiteElo "2510"]
[BlackElo "2545"]
[PlyCount "82"]
[EventDate "1996.10.??"]
[EventType "team"]
[EventRounds "15"]
[EventCountry "GER"]
[SourceTitle "Bundesliga 9697"]
[Source "DeepChess"]
[SourceDate "2005.01.01"]
[SourceVersion "1"]
[SourceVersionDate "2005.01.01"]
[SourceQuality "1"]
[WhiteTeam "SV Erfurt West 90"]
[BlackTeam "Dresdner SC 1898"]
[WhiteTeamCountry "GER"]
[BlackTeamCountry "GER"]

1. e4 c5 2. Nf3 Nc6 3. Bb5 g6 4. Bxc6 dxc6 5. d3 Bg7 6. h3 Nf6 7. Nc3 Qc7 8.
Be3 b6 9. Qd2 e5 10. Bh6 O-O 11. Bxg7 Kxg7 12. O-O-O Be6 13. Qe3 Nh5 14. Ne2 f6
15. g4 Nf4 16. Nxf4 exf4 17. Qe1 Rad8 18. Qc3 Kg8 19. Rdg1 Qe7 20. g5 f5 21. h4
fxe4 22. dxe4 Qg7 23. Qxg7+ Kxg7 24. a3 Rfe8 25. Nd2 b5 26. f3 b4 27. Nb1 a5
28. Rd1 Ba2 29. Rxd8 Rxd8 30. Nd2 Be6 31. Rd1 c4 32. Nb1 Rxd1+ 33. Kxd1 c5 34.
c3 Kf7 35. Nd2 Ke7 36. Kc2 Kd6 37. Nf1 Kc6 38. Nd2 Kb5 39. Kb1 Ka4 40. Ka2 Kb5
41. Kb1 Ka4 1/2-1/2

[Event "Bundesliga 9697"]
[Site "Deutschland"]
[Date "1996.??.??"]
[Round "?.4"]
[White "Uhlmann, Wolfgang"]
[Black "Voekler, Bernd"]
[Result "1-0"]
[WhiteElo "2460"]
[BlackElo "2385"]
[PlyCount "117"]
[EventDate "1996.10.??"]
[EventType "team"]
[EventRounds "15"]
[EventCountry "GER"]
[SourceTitle "Bundesliga 9697"]
[Source "DeepChess"]
[SourceDate "2005.01.01"]
[SourceVersion "1"]
[SourceVersionDate "2005.01.01"]
[SourceQuality "1"]
[WhiteTeam "Dresdner SC 1898"]
[BlackTeam "SV Erfurt West 90"]
[WhiteTeamCountry "GER"]
[BlackTeamCountry "GER"]

1. c4 g6 2. e4 Bg7 3. d4 d6 4. Nc3 Nf6 5. Be2 O-O 6. Bg5 Na6 7. Qc2 h6 8. Be3
e5 9. dxe5 dxe5 10. Rd1 Nd7 11. c5 c6 12. Bxa6 bxa6 13. Nge2 Qc7 14. O-O Re8
15. Rd2 Nf8 16. Qa4 Ne6 17. Nd5 Qb7 18. Nb4 Nd4 19. Bxd4 exd4 20. Qxc6 Qxc6 21.
Nxc6 Bb7 22. Ncxd4 Bxe4 23. f3 Bd5 24. Nc3 Be6 25. Rfd1 Rab8 26. b3 Rec8 27.
Nxe6 Bxc3 28. Rd8+ Rxd8 29. Nxd8 Rc8 30. Rd7 Rxc5 31. Nxf7 Bg7 32. Nd8 Rc2 33.
Ne6 Bf6 34. a4 Rc6 35. Nf4 g5 36. Nd5 Bd4+ 37. Kf1 Kf8 38. Ke2 Ke8 39. Re7+ Kf8
40. Kd3 Bg1 41. Rh7 Re6 42. h3 Bf2 43. Rb7 Bg1 44. Rc7 Bf2 45. Rc2 Bg1 46. b4
Kf7 47. Rc7+ Kf8 48. Rc4 Kf7 49. h4 Rd6 50. Ke4 Kg6 51. hxg5 Re6+ 52. Kf4 hxg5+
53. Kg4 Re5 54. Rc6+ Kf7 55. Nc3 Kg7 56. b5 Be3 57. Ne4 Rd5 58. Rd6 Re5 59. Rd3
1-0

[Event "Bundesliga 9697"]
[Site "Deutschland"]
[Date "1996.??.??"]
[Round "?.5"]
[White "Pieniazek, Artur"]
[Black "Maiwald, Jens Uwe"]
[Result "1/2-1/2"]
[WhiteElo "2425"]
[BlackElo "2490"]
[PlyCount "37"]
[EventDate "1996.10.??"]
[EventType "team"]
[EventRounds "15"]
[EventCountry "GER"]
[SourceTitle "Bundesliga 9697"]
[Source "DeepChess"]
[SourceDate "2005.01.01"]
[SourceVersion "1"]
[SourceVersionDate "2005.01.01"]
[SourceQuality "1"]
[WhiteTeam "SV Erfurt West 90"]
[BlackTeam "Dresdner SC 1898"]
[WhiteTeamCountry "GER"]
[BlackTeamCountry "GER"]

1. d4 d6 2. Nf3 Bg4 3. c4 Nd7 4. g3 Bxf3 5. exf3 e6 6. d5 e5 7. Nc3 g6 8. f4
Bg7 9. fxe5 Nxe5 10. Bh3 Nf6 11. O-O O-O 12. b3 Nfd7 13. Bd2 Nc5 14. Rb1 a5 15.
Bg2 Re8 16. Nb5 Ned3 17. Be3 Qd7 18. Qd2 b6 19. Rfd1 1/2-1/2

[Event "Bundesliga 9697"]
[Site "Deutschland"]
[Date "1996.??.??"]
[Round "?.6"]
[White "Borriss, Martin"]
[Black "Brueggemann, Joachim"]
[Result "1/2-1/2"]
[WhiteElo "2425"]
[BlackElo "2285"]
[PlyCount "62"]
[EventDate "1996.10.??"]
[EventType "team"]
[EventRounds "15"]
[EventCountry "GER"]
[SourceTitle "Bundesliga 9697"]
[Source "DeepChess"]
[SourceDate "2005.01.01"]
[SourceVersion "1"]
[SourceVersionDate "2005.01.01"]
[SourceQuality "1"]
[WhiteTeam "Dresdner SC 1898"]
[BlackTeam "SV Erfurt West 90"]
[WhiteTeamCountry "GER"]
[BlackTeamCountry "GER"]

1. e4 c5 2. Nf3 d6 3. d4 cxd4 4. Nxd4 Nf6 5. Nc3 a6 6. Be3 Nc6 7. f4 e5 8. Nf3
Be7 9. Bc4 O-O 10. Qe2 Ng4 11. Bd2 exf4 12. Nd5 Bh4+ 13. g3 fxg3 14. O-O-O gxh2
15. Rxh2 Nxh2 16. Qxh2 Ne5 17. Nxe5 dxe5 18. Rh1 Be6 19. Qxh4 Qxh4 20. Rxh4
Rfe8 21. a4 h6 22. a5 Rad8 23. Be3 f5 24. Bb6 Rc8 25. b3 f4 26. Rh2 Bf7 27. Be2
Rc6 28. Bg4 Be6 29. Bh5 Bf7 30. Bg4 Be6 31. Bh5 Bf7 1/2-1/2

[Event "Bundesliga 9697"]
[Site "Deutschland"]
[Date "1996.??.??"]
[Round "?.7"]
[White "Fuhrmann, Daniel"]
[Black "Goldberg, Alexander"]
[Result "0-1"]
[WhiteElo "2265"]
[BlackElo "2390"]
[PlyCount "134"]
[EventDate "1996.10.??"]
[EventType "team"]
[EventRounds "15"]
[EventCountry "GER"]
[SourceTitle "Bundesliga 9697"]
[Source "DeepChess"]
[SourceDate "2005.01.01"]
[SourceVersion "1"]
[SourceVersionDate "2005.01.01"]
[SourceQuality "1"]
[WhiteTeam "SV Erfurt West 90"]
[BlackTeam "Dresdner SC 1898"]
[WhiteTeamCountry "GER"]
[BlackTeamCountry "GER"]

1. d4 Nf6 2. c4 e6 3. Nf3 b6 4. g3 Bb7 5. Bg2 Be7 6. O-O O-O 7. Nc3 Na6 8. Bf4
Ne4 9. Nxe4 Bxe4 10. Qd2 Bf6 11. Rac1 Qe7 12. Rfd1 d6 13. Qe3 Bb7 14. Qa3 Rfe8
15. Nd2 Bxg2 16. Kxg2 e5 17. dxe5 dxe5 18. Be3 Qxa3 19. bxa3 e4 20. Nb1 Be7 21.
a4 Bb4 22. a3 Bc5 23. Bxc5 Nxc5 24. Nc3 Rad8 25. Nb5 Nxa4 26. Nxc7 Rxd1 27.
Rxd1 Rc8 28. Nd5 Kf8 29. Ne3 Nc5 30. f3 g6 31. Rd4 Re8 32. Kf2 f5 33. Nd5 Rd8
34. g4 Kf7 35. gxf5 gxf5 36. fxe4 fxe4 37. Ke3 Rd6 38. Rd1 Rh6 39. Rf1+ Ke6 40.
Rf2 Rh3+ 41. Kf4 Rxa3 42. Rg2 Rh3 43. Nc7+ Kf7 44. Nd5 Rh4+ 45. Ke5 Rh5+ 46.
Kd6 Rf5 47. e3 Nb7+ 48. Kc6 Na5+ 49. Kb5 Ke6 50. Rg7 Nxc4 51. Kxc4 Rxd5 52.
Rxa7 b5+ 53. Kb4 Rh5 54. Ra2 Rh3 55. Kxb5 Rxe3 56. Kc4 Rh3 57. Ra8 Ke5 58. Re8+
Kf4 59. Kd4 Rd3+ 60. Kc4 Rd7 61. h4 e3 62. Kc3 Kf3 63. Re6 e2 64. Rf6+ Kg2 65.
Re6 Kf2 66. Rf6+ Ke1 67. Kc2 Rc7+ 0-1

[Event "Bundesliga 9697"]
[Site "Deutschland"]
[Date "1996.??.??"]
[Round "?.8"]
[White "Heinatz, Thomas"]
[Black "Fischer, Kay"]
[Result "0-1"]
[WhiteElo "2380"]
[BlackElo "2150"]
[PlyCount "76"]
[EventDate "1996.10.??"]
[EventType "team"]
[EventRounds "15"]
[EventCountry "GER"]
[SourceTitle "Bundesliga 9697"]
[Source "DeepChess"]
[SourceDate "2005.01.01"]
[SourceVersion "1"]
[SourceVersionDate "2005.01.01"]
[SourceQuality "1"]
[WhiteTeam "Dresdner SC 1898"]
[BlackTeam "SV Erfurt West 90"]
[WhiteTeamCountry "GER"]
[BlackTeamCountry "GER"]

1. e4 e6 2. d4 d5 3. Nc3 Nf6 4. Bg5 Bb4 5. e5 h6 6. Be3 Ne4 7. a3 Bxc3+ 8. bxc3
c5 9. dxc5 Nc6 10. Bd3 Qa5 11. Ne2 Nxc5 12. f4 b6 13. O-O Ba6 14. Nd4 Nxd4 15.
Bxd4 g6 16. Qf3 Bxd3 17. cxd3 Nb3 18. Ra2 Nxd4 19. cxd4 Rc8 20. g4 h5 21. h3
hxg4 22. hxg4 Qa4 23. Qf2 Kd7 24. Kg2 Rc3 25. Rd2 Kc7 26. f5 gxf5 27. gxf5 Rh7
28. f6 Rh6 29. Rg1 Rg6+ 30. Kf3 Rxg1 31. Qxg1 Kb7 32. Qg8 Rc7 33. Qf8 Qxd4 34.
Qd6 Rc1 35. Ke2 Qg4+ 36. Kf2 Qg1+ 37. Ke2 Qe1+ 38. Kf3 Qxd2 0-1

[Event "Bundesliga 9697"]
[Site "Deutschland"]
[Date "1996.??.??"]
[Round "?.2"]
[White "Slobodjan, Roman"]
[Black "Teske, Henrik"]
[Result "1/2-1/2"]
[WhiteElo "2520"]
[BlackElo "2520"]
[PlyCount "41"]
[EventDate "1996.10.??"]
[EventType "team"]
[EventRounds "15"]
[EventCountry "GER"]
[SourceTitle "Bundesliga 9697"]
[Source "DeepChess"]
[SourceDate "2005.01.01"]
[SourceVersion "1"]
[SourceVersionDate "2005.01.01"]
[SourceQuality "1"]
[WhiteTeam "USC Magdeburg"]
[BlackTeam "Dresdner SC 1898"]
[WhiteTeamCountry "GER"]
[BlackTeamCountry "GER"]

1. e4 c6 2. d4 d5 3. e5 Bf5 4. Nf3 e6 5. Be3 Nd7 6. c4 Qb6 7. Qc1 Bxb1 8. Rxb1
Bb4+ 9. Bd2 dxc4 10. Bxc4 Bxd2+ 11. Qxd2 Ne7 12. O-O h6 13. Rfd1 O-O 14. Qe2
Rfd8 15. Qe4 Nf8 16. Rd3 Rd7 17. Rb3 Qa5 18. Ra3 Qb6 19. Rb3 Qa5 20. Ra3 Qb6
21. Rb3 1/2-1/2

[Event "Bundesliga 9697"]
[Site "Deutschland"]
[Date "1996.??.??"]
[Round "?.3"]
[White "Lanka, Zigurds"]
[Black "Rogozenko, Dorian"]
[Result "1-0"]
[WhiteElo "2545"]
[BlackElo "2525"]
[PlyCount "75"]
[EventDate "1996.10.??"]
[EventType "team"]
[EventRounds "15"]
[EventCountry "GER"]
[SourceTitle "Bundesliga 9697"]
[Source "DeepChess"]
[SourceDate "2005.01.01"]
[SourceVersion "1"]
[SourceVersionDate "2005.01.01"]
[SourceQuality "1"]
[WhiteTeam "Dresdner SC 1898"]
[BlackTeam "USC Magdeburg"]
[WhiteTeamCountry "GER"]
[BlackTeamCountry "GER"]

1. e4 c5 2. Nf3 d6 3. d4 cxd4 4. Nxd4 Nf6 5. Nc3 g6 6. Be3 Bg7 7. f3 Nc6 8. Bc4
Bd7 9. Bb3 O-O 10. h4 h5 11. Qd2 Rc8 12. O-O-O Ne5 13. Rhe1 Nc4 14. Bxc4 Rxc4
15. Nb3 Qc7 16. Bd4 Be6 17. Kb1 a6 18. Qf2 b5 19. e5 dxe5 20. Bxe5 Ng4 21. fxg4
Bxe5 22. gxh5 Rc8 23. hxg6 Bg7 24. Nd4 Rb4 25. Rd3 Bc4 26. gxf7+ Bxf7 27. a3
Rxb2+ 28. Kxb2 b4 29. axb4 Qc4 30. Ree3 Qxb4+ 31. Kc1 Rxc3 32. Rxc3 Qxd4 33.
Qd2 Qa4 34. Qd8+ Kh7 35. Qxe7 Qa1+ 36. Kd2 Bh5 37. g4 Bg6 38. h5 1-0